00895cam a22002531 450000100100000000500170001000800410002701000130006804000230008104300120010405000200011610000290013624500980016526000420026330000370030565100310034265000520037360000460042565100370047165000500050870000450055874000270060308200110063000001796620200929165310.0730208s1960 maua 000 0 eng  a60004027 aDO-SdBNPcDLCdDLC an-us-al00aF326b.A17 19601 aAgee, James,d1909-1955.10aLet us now praise famous men; :bthree tenant families /c[by] James Agee [and] Walker Evans. aBoston, :bHoughton Mifflin,c[1960]. axxii, 471 p. :billus. ;c22 cm. 0aAlabamaxRural Conditions. 0aCotton farmerszAlabamaxHistoryy20th century.10aAgee, James,d1909-1955xTravelzAlabama. 0aAlabamaxDescription And Travel. 0aFarm tenancyzAlabamaxHistoryy20th century.1 aEvans, Walker,d1903-1975ejoint author.0 aThree tenant families.00a917.61